Estudios de filosofía del Derecho y Derecho Penal
Na minha lista:
| Autor principal: | |
|---|---|
| Formato: | Livro |
| Idioma: | espanhol |
| Publicado em: |
Madrid
Marcial Pons
2013
|
| Edição: | 1a. ed |
| Colecção: | Derecho Penal y Criminología
|
| Assuntos: | |
| Tags: |
Adicionar Tag
Sem tags, seja o primeiro a adicionar uma tag!
|
MARC
| LEADER | 00000cam a2200000 a 4500 | ||
|---|---|---|---|
| 001 | UCE2049 | ||
| 003 | CL-VaPUC | ||
| 008 | 140605e20130000sp |||||||||||||||||spa|d | ||
| 020 | |a 9788415948414 | ||
| 082 | 0 | 4 | |a 340.1 |b SEE |2 21 |
| 100 | 0 | |a Seelmann, Kurt |e author |9 574526 | |
| 245 | 1 | 0 | |a Estudios de filosofía del Derecho y Derecho Penal |
| 250 | |a 1a. ed | ||
| 300 | |a 219 p | ||
| 942 | |c BK | ||
| 945 | |d 20140605 14:22:00 |a dcastane | ||
| 260 | |a Madrid |b Marcial Pons |c 2013 | ||
| 650 | 7 | |a DERECHO PENAL |2 CL-VaPUC |9 11 | |
| 650 | 0 | |a Teoría del derecho |9 255982 | |
| 650 | 0 | |a Filosofía del derecho |9 255050 | |
| 583 | |a last modification |c 20140605 14:22:00 |k Rodrigo Vera | ||
| 490 | 0 | |a Derecho Penal y Criminología | |
| 999 | |c 355728 |d 355726 | ||
| 952 | |0 0 |1 0 |3 erb |4 0 |6 340_100000000000000_SEE_2013 |7 0 |8 A |9 462561 |a BIBDER |b BIBDER |i 5082196 |o 340.1 SEE 2013 |p 5082196 |r 2023-01-25 |w 2019-11-23 |y BK |z Catalogado en:20140605 |k DER | ||